| 000 | 00405 a2200145 4500 | ||
|---|---|---|---|
| 005 | 20250611123433.0 | ||
| 020 | _a978-0-13-046109-4 | ||
| 100 | _aDIX, A | ||
| 245 | _aHuman- Computer Interaction | ||
| 250 | _a3th Ed | ||
| 260 |
_aNew York _bPearson Edcation Limited _c2004 |
||
| 300 |
_axxv, 834p.: ill; Figure, Table _bReference and Index _c23cm |
||
| 700 | _aFINLAY, J and ABOWD, G | ||
| 942 |
_2ddc _cBKS |
||
| 999 |
_c3756 _d3756 |
||